000 00334 a2200121 4500
001 ART_42141
005 20260410161629.0
008 260409a
245 1 0 _aGestión financiera de bienes y servicios
100 1 _aTapia, Gustavo N.
700 1 _aAire, Carlos
773 0 _tEnfoques
_g- Nº 4 (abr. 2017)
_wREV416
999 _c12259
_d12259